| 000 | 00948nam a2200277 4500 | ||
|---|---|---|---|
| 001 | 12698 | ||
| 003 | ES-MaACL | ||
| 005 | 20240524132918.0 | ||
| 007 | t| | ||
| 008 | 000000s1984 sp ||||0| spa d | ||
| 016 | 7 | _zIBH8505918513 | |
| 020 | _a84-7472-057-5 | ||
| 040 |
_aIBH _bspa _cM-BN-DP |
||
| 080 | _a860-14"19" | ||
| 100 | 0 |
_aLagos, Concha, _d1907-2007 _969595 |
|
| 245 | 1 | 0 |
_aCon el arco a punto / _cConcha Lagos ; palabra previa de Jesús Riosalido. |
| 260 |
_aMadrid : _bInstituto Hispano-Arabe de Cultura, _cD.L. 1984. |
||
| 300 |
_a136 p. ; _c21 cm. |
||
| 490 | 1 |
_aColección de poesía Ibn Zaydún ; _v1 |
|
| 500 | _aPortada adicional y prólogo en caracteres árabes. | ||
| 700 | 0 |
_aRiosalido, Jesús, _d1937- _997407 |
|
| 710 | 2 |
_aInstituto Hispano-Árabe de Cultura. _9162165 |
|
| 830 | 0 |
_aColección de poesía Ibn Zaydún ; _v1 _9179342 |
|
| 852 |
_aES-MaACL _jL-20098 _bR.116976 |
||
| 999 |
_c12698 _d12698 |
||